000
00304nam a22001337a 4500
008
170622b xxu||||| |||| 00| 0 eng d
020
_a
9780073397252
041
_a
eng
080
_2
13 ED
_a
328
100
_a
21
101
_a
SHP
245
_a
STATE AND LOCLA GOVERNMENT
_c
BERCH.N
942
_2
udc
_c
BK
999
_c
18676
_d
18676